Un lugar para las utopías-O los caminos de la razón negativa. Parte 1: proyectos históricos y utopía /
Guardado en:
| Autor principal: | |
|---|---|
| Autor Corporativo: | |
| Formato: | Procedimiento de la Conferencia |
| Etiquetas: |
Agregar Etiqueta
Sin Etiquetas, Sea el primero en etiquetar este registro!
|
MARC
| LEADER | 00000 a a2200000 04500 | ||
|---|---|---|---|
| 001 | 45038 | ||
| 003 | |||
| 040 | |||
| 100 | |a Serrano Lopéz, Augusto | ||
| 111 | |a Encuentro de científicos sociales y teólogos sobre el tema "El discernimiento de las utopías", 2 / |c Augusto Serrano Lopéz | ||
| 245 | |a Un lugar para las utopías-O los caminos de la razón negativa. Parte 1: proyectos históricos y utopía / |c Augusto Serrano Lopéz | ||
| 773 | |p áginas 3-42 | ||
| 999 | |c 24580 |d 24580 | ||
